00729 a2200205 4500020001500000022001500015040001300030082001200043100002800055245008000083246003000163260004800193300002900241650002400270650002400294700001900318942002500337999001500362952014600377 a0195117719 a0195117719 aDLCbDLC a621.3811 aSmith, Kenneth Carless.10aKC's problems and solutions for Microelectronic CircuitscKenneth C. Smith.3 aMicroelectronic circuits. aNew York :bOxford University Press,c1998. a459 p. :bill. ;c28 cm. 0aElectronic circuits 0aIntegrated circuits1 aSedra, Adel S. cBKk621.381 SMI2ddc c4588d4588 001040708NFICaCLbCLcGENd2004-08-21eProgressive International Agenciesg1707.83o621.381 SMIpSEECS004705r2012-11-14w2017-01-05yREF